000 00943naa a22002897a 4500
001 BR9301671
003 BR-BrBNA
005 20240918181019.0
007 ta
008 230509b bl.||||| |||| 00| 0 por d
040 _aBR-BrBNA
_bpor
_cBiblioteca Nacional de Agricultura
041 _a(Pt)
072 _aF30
_b0120
090 _aF30 BR9301671
100 1 _aCunha, M.A.P. da
100 1 _aPaterniani, E.
245 1 _aSelecao entre e dentro de familias de meios irmaos no milho (Zea mays L.)
260 3 _aCruz das Almas, BA (Brasil):
_c1977.
500 _aInforme cientifico anual, no. 1 Cruz das Almas, BA (Brasil): 1977. p. 115-117 (BR9301671-AM)F30
650 _aGenetica Vegetal
650 _aSelecao
650 _aVariedade
650 _aMilho
773 0 _tInforme cientifico anual, no. 1
_wF30 BR9301671
_gCruz das Almas, BA (Brasil), 1977. p. 115-117
909 _a202404
_bLucia
_c55
_dLucia Elande
942 _cAM
_2AGRIS
999 _c323192
_d323192